Municipios del Alto Palancia/Alt Palància - Estadísticas

Estadísticas generales
  • Esta prueba ha sido intentada 306 veces
  • La puntuación promedio es 17 de 27
Respuestas en el mapa
Las respuestas están codificadas por una escala verde-roja en el mapa de la prueba según el % correcto abajo.
 
Estadísticas de respuestas
Respuesta % Correcto
Segorbe
94%
Jérica
82%
Altura
81%
Viver
81%
el Toro
79%
Bejís
76%
Navajas
76%
Barracas
71%
Soneja
69%
Torás
68%
Teresa
67%
Geldo
64%
Caudiel
63%
Sot de Ferrer
61%
Algimia de Almonacid
60%
Sacañet
59%
Almedíjar
58%
Azuébar
58%
Castellnovo
58%
Chóvar
58%
Pina de Montalgrao
56%
Matet
54%
Gaibiel
53%
Vall de Almonacid
53%
Benafer
51%
Higueras
50%
Pavías
49%
No se encontraron pruebas coincidentes
Distribución de puntuación
Porcentaje de gente con cada puntuación
Porcentaje por número respondido
Historial de tus puntuaciones
No has intentado esta prueba.